[Event "2nd Serbia Open Masters 2022"]
[Site "Novi Sad"]
[Date "2022.07.05"]
[Round "8.45"]
[White "Milikow, Yoav"]
[Black "Pham, Khoi"]
[Result "1/2-1/2"]
[WhiteElo "2410"]
[BlackElo "2291"]
[Annotator "TA"]
[PlyCount "89"]
[EventDate "2022.06.28"]
[EventType "swiss"]
[EventCountry "SRB"]
[SourceTitle "playchess.com"]
[Source "ChessBase"]
[SourceQuality "1"]

1. d4 d5 2. c4 c6 3. Nf3 Nf6 4. g3 Bg4 5. Ne5 Bf5 6. cxd5 cxd5 7. Nc3 Nc6 8. f3 g6 9. Bf4 Bg7 10. g4 Be6 11. e3 h5 12. g5 Nd7 13. Nxd7 Bxd7 14. Qb3 e6 15. h4 O-O 16. Bd6 Re8 17. f4 Na5 18. Qa3 Rc8 19. Rc1 b5 20. Bb4 Nc6 21. Bxb5 Nxb4 22. Bxd7 Bf8 23. Qa4 Nd3+ 24. Ke2 Nxc1+ 25. Rxc1 Rc4 26. Bxe8 Rxa4 27. Bxa4 Bb4 28. Nb5 a6 29. Na7 Qb6 30. Rc8+ Bf8 31. Nc6 Qxb2+ 32. Kf3 Qxa2 33. Bc2 Qa1 34. Ne5 Kg7 35. Bd3 Bb4 36. Rc7 Qh1+ 37. Kf2 Qh2+ 38. Kf1 Qh1+ 39. Kf2 Qxh4+ 40. Kg2 Be1 41. Rxf7+ Kg8 42. Rf8+ Kg7 43. Rf7+ Kg8 44. Rf8+ Kg7 45. Rf7+ 1/2-1/2

[Event "2nd Serbia Open Masters 2022"]
[Site "Novi Sad"]
[Date "2022.07.05"]
[Round "8.46"]
[White "Kilic, Eray"]
[Black "Koutlas, Nikolaos"]
[Result "1/2-1/2"]
[WhiteElo "2192"]
[BlackElo "2251"]
[Annotator "TA"]
[PlyCount "99"]
[EventDate "2022.06.28"]
[EventType "swiss"]
[EventCountry "SRB"]
[SourceTitle "playchess.com"]
[Source "ChessBase"]
[SourceQuality "1"]

1. e4 e5 2. Nf3 Nc6 3. Bb5 a6 4. Ba4 Nf6 5. O-O Nxe4 6. Re1 Nc5 7. Bxc6 dxc6 8. d4 Ne6 9. dxe5 Qxd1 10. Rxd1 Be7 11. Nc3 O-O 12. Be3 Re8 13. Rd2 Nf8 14. Re1 Ng6 15. Nd4 Bb4 16. f4 Bxc3 17. bxc3 c5 18. Nf3 b6 19. Kf2 Ne7 20. Red1 Nc6 21. h3 Na5 22. g4 Nc4 23. Rd8 Bb7 24. Rxe8+ Rxe8 25. Rd7 Rc8 26. e6 fxe6 27. Ng5 Bd5 28. Re7 Nxe3 29. Kxe3 Bxa2 30. Nf3 a5 31. Kd2 a4 32. Kc1 a3 33. Ne5 Rf8 34. Rxc7 g5 35. Ra7 gxf4 36. Nd3 Bc4 37. Kd2 Rd8 38. Rxa3 e5 39. Ke1 Bxd3 40. cxd3 Rxd3 41. h4 e4 42. Ra8+ Kf7 43. Ra7+ Kg6 44. Rb7 e3 45. Rxb6+ Kf7 46. g5 Rxc3 47. Rf6+ Kg7 48. Rxf4 Rc2 49. Re4 e2 50. h5 1/2-1/2

[Event "2nd Serbia Open Masters 2022"]
[Site "Novi Sad"]
[Date "2022.07.05"]
[Round "8.47"]
[White "Kamalidenova, Meruert"]
[Black "Ljepic, Andrej"]
[Result "1/2-1/2"]
[WhiteElo "2408"]
[BlackElo "2289"]
[Annotator "TA"]
[PlyCount "72"]
[EventDate "2022.06.28"]
[EventType "swiss"]
[EventCountry "SRB"]
[SourceTitle "playchess.com"]
[Source "ChessBase"]
[SourceQuality "1"]

1. e4 e6 2. d4 d5 3. Nc3 dxe4 4. Nxe4 Bd7 5. Nf3 Bc6 6. Bd3 Nd7 7. Bf4 Ngf6 8. Nxf6+ Nxf6 9. O-O Bxf3 10. Qxf3 c6 11. c3 Bd6 12. Bg5 Be7 13. Qe2 Qc7 14. b4 Nd5 15. Bd2 Nf4 16. Bxf4 Qxf4 17. g3 Qc7 18. f4 O-O 19. Rae1 Bf6 20. f5 Rae8 21. fxe6 Rxe6 22. Qc2 Rxe1 23. Rxe1 g6 24. Qf2 Kg7 25. Bc4 a5 26. Rf1 Qe7 27. b5 Rc8 28. Qf3 Qd6 29. Kg2 h5 30. h4 Rc7 31. a4 c5 32. d5 Re7 33. Bb3 b6 34. Bc2 Re5 35. c4 Re7 36. Rf2 Bd4 1/2-1/2

[Event "2nd Serbia Open Masters 2022"]
[Site "Novi Sad"]
[Date "2022.07.05"]
[Round "8.48"]
[White "Panda Sambit"]
[Black "Moksh Amit Doshi"]
[Result "1/2-1/2"]
[WhiteElo "2123"]
[BlackElo "2398"]
[Annotator "TA"]
[PlyCount "115"]
[EventDate "2022.06.28"]
[EventType "swiss"]
[EventCountry "SRB"]
[SourceTitle "playchess.com"]
[Source "ChessBase"]
[SourceQuality "1"]

1. d4 Nf6 2. c4 e6 3. Nf3 d5 4. Nc3 h6 5. cxd5 exd5 6. Bf4 Bd6 7. Bxd6 Qxd6 8. e3 O-O 9. Bd3 Bg4 10. h3 Bh5 11. g4 Bg6 12. Nh4 Be4 13. Rg1 Nc6 14. Bxe4 dxe4 15. Nf5 Qd7 16. a3 Rfe8 17. Qc2 Rab8 18. Rc1 Nd8 19. Ng3 Ne6 20. h4 Nxg4 21. Qe2 Nf6 22. Ngxe4 Nxe4 23. Nxe4 Kh8 24. Nf6 gxf6 25. Qh5 Kh7 26. Qf5+ Kh8 27. Qxf6+ Kh7 28. Qf5+ Kh8 29. Qf6+ Kh7 30. Qf5+ Kh8 31. d5 Rg8 32. Qf6+ Kh7 33. Qf5+ Kh8 34. Qf6+ Kh7 35. Qf5+ Kh8 36. Qe5+ Ng7 37. Rxc7 Qf5 38. Qd6 Kh7 39. Qc5 Ne6 40. Rxg8 Nxc5 41. Rxb8 Na6 42. Rbxb7 Nxc7 43. Rxc7 Qxd5 44. Rxa7 Qb3 45. Rd7 Kg6 46. Rd4 Qxb2 47. a4 Kf5 48. Rf4+ Ke6 49. Rd4 f5 50. Kf1 Qc1+ 51. Ke2 Ke5 52. Rf4 Qc6 53. Rd4 Qh1 54. Rf4 Qb1 55. Rd4 Qb2+ 56. Ke1 Qc1+ 57. Ke2 Qb1 58. Rf4 1/2-1/2

[Event "2nd Serbia Open Masters 2022"]
[Site "Novi Sad"]
[Date "2022.07.05"]
[Round "8.49"]
[White "Kadam Om Manish"]
[Black "Ostovic, Matija"]
[Result "1-0"]
[WhiteElo "2144"]
[BlackElo "2391"]
[Annotator "TA"]
[PlyCount "95"]
[EventDate "2022.06.28"]
[EventType "swiss"]
[EventCountry "SRB"]
[SourceTitle "playchess.com"]
[Source "ChessBase"]
[SourceQuality "1"]

1. e4 d6 2. d4 Nf6 3. Bd3 e5 4. c3 Nbd7 5. Nf3 d5 6. dxe5 dxe4 7. exf6 exf3 8. Qxf3 Ne5 9. Bb5+ c6 10. Qe2 Qxf6 11. f4 cxb5 12. Qxe5+ Qxe5+ 13. fxe5 Bc5 14. Nd2 O-O 15. Nb3 Bb6 16. Bf4 f6 17. O-O-O Bg4 18. Rd5 Rae8 19. Nd4 b4 20. h3 bxc3 21. bxc3 fxe5 22. Bxe5 Be6 23. Nxe6 Rxe6 24. g4 Rf2 25. Kb1 Be3 26. c4 Rb6+ 27. Rb5 Kf7 28. Rd1 g6 29. Bb2 Rxb5 30. cxb5 Bb6 31. Rd7+ Ke6 32. Rxh7 Rf1+ 33. Kc2 Rf2+ 34. Kb3 Rf3+ 35. Kc4 Rf4+ 36. Kd3 Rf3+ 37. Ke4 Re3+ 38. Kf4 Re2 39. Bh8 Rxa2 40. Kg5 Ra5 41. Kxg6 Rxb5 42. g5 Bf2 43. h4 a5 44. Bf6 a4 45. h5 a3 46. Re7+ Kd6 47. Re2 Bc5 48. h6 1-0

[Event "2nd Serbia Open Masters 2022"]
[Site "Novi Sad"]
[Date "2022.07.05"]
[Round "8.50"]
[White "Narva, Mai"]
[Black "Tyurin, Artem"]
[Result "0-1"]
[WhiteElo "2385"]
[BlackElo "2174"]
[Annotator "TA"]
[PlyCount "62"]
[EventDate "2022.06.28"]
[EventType "swiss"]
[EventCountry "SRB"]
[SourceTitle "playchess.com"]
[Source "ChessBase"]
[SourceQuality "1"]

1. e4 e6 2. d4 d5 3. e5 c5 4. c3 Qb6 5. Nf3 Nc6 6. Bd3 cxd4 7. O-O Bd7 8. Re1 Rc8 9. a3 Nge7 10. h4 h5 11. b4 g6 12. Bb2 Na5 13. cxd4 Nc4 14. Bc1 Bg7 15. Qe2 O-O 16. Bg5 Nc6 17. Bxc4 Nxd4 18. Nxd4 Qxd4 19. Nd2 dxc4 20. Rac1 Bb5 21. Ne4 Qxe5 22. Qd2 Qd5 23. Qf4 Bc6 24. Rxc4 f5 25. Rxc6 Rxc6 26. Nc5 b6 27. Na6 Rc4 28. Qg3 Rg4 29. Qh2 Re4 30. Rc1 Bb2 31. Rb1 Qd3 0-1

[Event "2nd Serbia Open Masters 2022"]
[Site "Novi Sad"]
[Date "2022.07.05"]
[Round "8.51"]
[White "Maltsevskaya, Aleksandra"]
[Black "Chitlange Sakshi"]
[Result "0-1"]
[WhiteElo "2396"]
[BlackElo "2216"]
[Annotator "TA"]
[PlyCount "122"]
[EventDate "2022.06.28"]
[EventType "swiss"]
[EventCountry "SRB"]
[SourceTitle "playchess.com"]
[Source "ChessBase"]
[SourceQuality "1"]

1. e4 c6 2. d4 d5 3. Nc3 dxe4 4. Nxe4 Nf6 5. Nc5 e5 6. Nb3 Be7 7. Nf3 exd4 8. Qxd4 O-O 9. Bd3 Qxd4 10. Nbxd4 Nd5 11. c3 Bf6 12. O-O Nd7 13. Re1 Nc5 14. Bc2 g6 15. h3 Bd7 16. Bd2 Rfe8 17. c4 Nb6 18. b3 Ne6 19. Be3 Nxd4 20. Bxd4 Bxd4 21. Nxd4 Rad8 22. Ne2 Kf8 23. Nc3 f5 24. Kh2 Bc8 25. Rxe8+ Kxe8 26. Re1+ Kf7 27. Re2 Be6 28. f3 Rd4 29. g4 Kf6 30. Kg3 Nd7 31. gxf5 gxf5 32. f4 Bf7 33. Kf3 Nf8 34. Ke3 Ne6 35. Rf2 Rd8 36. Ne2 Rg8 37. Rf1 Rg2 38. Rf2 Rg8 39. Rf1 Rg2 40. Rf2 Rg7 41. b4 Bh5 42. Bd3 b6 43. Nc3 Rg3+ 44. Kd2 Nd4 45. b5 Nf3+ 46. Kd1 Nd4+ 47. Kd2 c5 48. Nd5+ Ke6 49. a4 Bf3 50. Ne3 Rxh3 51. Rf1 Rh2+ 52. Kc3 Be4 53. a5 Ra2 54. Bxe4 fxe4 55. f5+ Kf7 56. axb6 axb6 57. Re1 h5 58. f6 h4 59. Rh1 Ra3+ 60. Kd2 Rd3+ 61. Kc1 Rxe3 0-1

[Event "2nd Serbia Open Masters 2022"]
[Site "Novi Sad"]
[Date "2022.07.06"]
[Round "9.1"]
[White "Ioannidis, Evgenios"]
[Black "Indjic, Aleksandar"]
[Result "1-0"]
[WhiteElo "2459"]
[BlackElo "2621"]
[Annotator "TA"]
[PlyCount "61"]
[EventDate "2022.06.28"]
[EventType "swiss"]
[EventCountry "SRB"]
[SourceTitle "playchess.com"]
[Source "ChessBase"]
[SourceQuality "1"]

1. d4 Nf6 2. c4 e6 3. Nc3 d5 4. cxd5 exd5 5. Bg5 Bb4 6. Nf3 c6 7. Rc1 Na6 8. a3 Be7 9. e3 Nc7 10. Bd3 h5 11. h3 a6 12. Ne5 Nd7 13. Bf4 Ne6 14. Bh2 Nxe5 15. Bxe5 Bd6 16. O-O Bxe5 17. dxe5 g5 18. Bf5 Ng7 19. Bxc8 Rxc8 20. f4 gxf4 21. exf4 Rc7 22. f5 Kd7 23. Qd4 Rg8 24. Ne4 Rf8 25. Qa7 f6 26. Nc5+ Ke8 27. Nxb7 fxe5 28. Rxc6 Rxf5 29. Rfc1 Rxc6 30. Rxc6 Rf7 31. Rc8 1-0

[Event "2nd Serbia Open Masters 2022"]
[Site "Novi Sad"]
[Date "2022.07.06"]
[Round "9.2"]
[White "Can, Emre"]
[Black "Aryan Chopra"]
[Result "0-1"]
[WhiteElo "2599"]
[BlackElo "2609"]
[Annotator "TA"]
[PlyCount "124"]
[EventDate "2022.06.28"]
[EventType "swiss"]
[EventCountry "SRB"]
[SourceTitle "playchess.com"]
[Source "ChessBase"]
[SourceQuality "1"]

1. e4 c5 2. Nf3 d6 3. Bb5+ Nd7 4. d4 cxd4 5. Nxd4 Ngf6 6. O-O e5 7. Nf5 a6 8. Bd3 Nc5 9. Nc3 d5 10. Bg5 Ncxe4 11. Bxe4 dxe4 12. Qxd8+ Kxd8 13. Rad1+ Ke8 14. Bxf6 Bxf5 15. Nd5 gxf6 16. Nc7+ Ke7 17. Nxa8 Bg4 18. Rb1 Bh6 19. Nb6 Rd8 20. h3 Be6 21. Rfd1 Bd2 22. c4 Rd4 23. Kf1 f5 24. Ke2 Ba5 25. Nd5+ Kd6 26. b3 b5 27. Ne3 f4 28. Nc2 Bc3 29. Rbc1 Bb2 30. Rb1 Bc3 31. Rbc1 Rxd1 32. Rxd1+ Kc5 33. cxb5 axb5 34. Rd8 b4 35. Rf8 f5 36. Rh8 f3+ 37. Kf1 f4 38. Rxh7 e3 39. fxe3 Bf5 40. Rc7+ Kd6 41. Rf7 fxg2+ 42. Kxg2 Bxc2 43. exf4 e4 44. Rf8 Ke7 45. Rg8 Bb1 46. Ra8 Bd3 47. Kf2 Bd2 48. Ra5 Bxf4 49. a4 Kd6 50. Ra8 e3+ 51. Kf3 Be4+ 52. Kxe4 e2 53. Kxf4 e1=Q 54. Rd8+ Kc7 55. Rd3 Qe2 56. Re3 Qc2 57. Ke5 Kc6 58. Kd4 Qd2+ 59. Ke4 Kc5 60. Rf3 Qd4+ 61. Kf5 Kd5 62. Kg5 Qe4 0-1

[Event "2nd Serbia Open Masters 2022"]
[Site "Novi Sad"]
[Date "2022.07.06"]
[Round "9.3"]
[White "Aditya Mittal"]
[Black "Sarana, Alexey"]
[Result "1/2-1/2"]
[WhiteElo "2490"]
[BlackElo "2675"]
[Annotator "TA"]
[PlyCount "36"]
[EventDate "2022.06.28"]
[EventType "swiss"]
[EventCountry "SRB"]
[SourceTitle "playchess.com"]
[Source "ChessBase"]
[SourceQuality "1"]

1. d4 Nf6 2. c4 e6 3. Nf3 d5 4. Nc3 c6 5. Bg5 h6 6. Bh4 dxc4 7. e4 g5 8. Bg3 b5 9. Be2 Bg7 10. e5 Nh5 11. a4 Qb6 12. Ne4 Nd7 13. Nd6+ Ke7 14. Qd2 c5 15. axb5 Nxg3 16. hxg3 Bb7 17. Nxb7 Qxb7 18. dxc5 Qd5 1/2-1/2

[Event "2nd Serbia Open Masters 2022"]
[Site "Novi Sad"]
[Date "2022.07.06"]
[Round "9.4"]
[White "Koustav Chatterjee"]
[Black "Motylev, Alexander"]
[Result "1/2-1/2"]
[WhiteElo "2485"]
[BlackElo "2633"]
[Annotator "TA"]
[PlyCount "157"]
[EventDate "2022.06.28"]
[EventType "swiss"]
[EventCountry "SRB"]
[SourceTitle "playchess.com"]
[Source "ChessBase"]
[SourceQuality "1"]

1. d4 d5 2. Nf3 Nf6 3. c4 e6 4. g3 Be7 5. Bg2 O-O 6. O-O c6 7. b3 b6 8. Nc3 Ba6 9. Qd3 b5 10. cxb5 cxb5 11. Nxb5 Nc6 12. a4 Nb4 13. Qb1 Qb6 14. Ba3 Rfc8 15. Rc1 Bxb5 16. axb5 Qxb5 17. Qb2 a5 18. Bf1 Qb7 19. e3 g6 20. Ne5 Ne4 21. Nd3 Rxc1 22. Rxc1 Rc8 23. Rxc8+ Qxc8 24. Qc1 Qxc1 25. Nxc1 Kf8 26. Bb2 f5 27. Bb5 g5 28. h3 h5 29. Nd3 Nxd3 30. Bxd3 Nd2 31. Bc2 g4 32. hxg4 hxg4 33. Bc3 Nf3+ 34. Kf1 Bb4 35. Bxb4+ axb4 36. Ke2 Ke7 37. Bd3 Ng5 38. Bb1 Kf7 39. Bc2 Kg6 40. Bb1 Nf3 41. Bc2 Kf6 42. Bd3 e5 43. dxe5+ Kxe5 44. Bc2 Ng5 45. Bb1 Ne6 46. Bd3 Nc5 47. Bc2 Ne4 48. Bd3 Nd6 49. Kd2 Nb7 50. Bb1 Nc5 51. Bc2 Ne6 52. Bb1 Nc5 53. Bc2 Kf6 54. Ke2 Ke6 55. Kd2 Ke5 56. Ke2 Ne6 57. Bb1 Ng5 58. Bd3 Ne4 59. Bc2 Nc5 60. Kd2 Kf6 61. Ke2 Ke6 62. Kd2 Ke5 63. Ke2 Ne4 64. Bd3 Nf6 65. Kd2 Ng8 66. Ke2 Ne7 67. Bb5 Nc8 68. Bd3 Nd6 69. Kd2 d4 70. Ke2 Kd5 71. Kd2 Ne4+ 72. Ke2 Nd6 73. Kd2 Ke5 74. Ke2 Ne4 75. Bxe4 Kxe4 76. exd4 Kxd4 77. Kd2 Ke4 78. Ke2 Kd4 79. Kd2 1/2-1/2

[Event "2nd Serbia Open Masters 2022"]
[Site "Novi Sad"]
[Date "2022.07.06"]
[Round "9.5"]
[White "Sturt, Raven"]
[Black "Adhiban, B.."]
[Result "1/2-1/2"]
[WhiteElo "2438"]
[BlackElo "2616"]
[Annotator "TA"]
[PlyCount "50"]
[EventDate "2022.06.28"]
[EventType "swiss"]
[EventCountry "SRB"]
[SourceTitle "playchess.com"]
[Source "ChessBase"]
[SourceQuality "1"]

1. d4 Nf6 2. c4 e6 3. Nf3 d5 4. Nc3 c6 5. e3 Nbd7 6. Qc2 Bd6 7. Bd3 O-O 8. O-O dxc4 9. Bxc4 b5 10. Bd3 h6 11. Ne4 Nxe4 12. Qxc6 Nec5 13. dxc5 Nxc5 14. Qxa8 Qc7 15. b4 Nxd3 16. Qe4 Ne5 17. Nd4 Bb7 18. Qh4 Qc4 19. a4 bxa4 20. Rxa4 a6 21. Bb2 Rc8 22. Raa1 Nd3 23. Rab1 Bxb4 24. Ba1 Rc5 25. Qg3 f6 1/2-1/2

[Event "2nd Serbia Open Masters 2022"]
[Site "Novi Sad"]
[Date "2022.07.06"]
[Round "9.6"]
[White "Harsha Bharathakoti"]
[Black "Budisavljevic, Luka"]
[Result "1/2-1/2"]
[WhiteElo "2547"]
[BlackElo "2507"]
[Annotator "TA"]
[PlyCount "73"]
[EventDate "2022.06.28"]
[EventType "swiss"]
[EventCountry "SRB"]
[SourceTitle "playchess.com"]
[Source "ChessBase"]
[SourceQuality "1"]

1. Nf3 Nf6 2. c4 e6 3. b3 d5 4. e3 c5 5. Bb2 Nc6 6. cxd5 exd5 7. Be2 Bd6 8. O-O d4 9. exd4 Nxd4 10. Nxd4 cxd4 11. Na3 O-O 12. Nc4 Bc7 13. Bf3 Rb8 14. Re1 Bf5 15. Rc1 h6 16. g3 Be6 17. Qe2 Bd5 18. Qd3 Bxf3 19. Qxf3 Qd7 20. Ba3 Rfe8 21. Rxe8+ Qxe8 22. Bc5 b5 23. Nb2 Bb6 24. Nd3 Bxc5 25. Rxc5 Qd7 26. Rf5 Rc8 27. Nc5 Qe7 28. b4 Re8 29. Kg2 Qe2 30. Qxe2 Rxe2 31. Nb3 Ne4 32. d3 Nc3 33. Nxd4 Rd2 34. Nxb5 Nxa2 35. Rf4 Rb2 36. Nd6 Nxb4 37. Rxf7 1/2-1/2

[Event "2nd Serbia Open Masters 2022"]
[Site "Novi Sad"]
[Date "2022.07.06"]
[Round "9.7"]
[White "Suleymanli, Aydin"]
[Black "Sadikhov, Ulvi"]
[Result "1-0"]
[WhiteElo "2537"]
[BlackElo "2491"]
[Annotator "TA"]
[PlyCount "99"]
[EventDate "2022.06.28"]
[EventType "swiss"]
[EventCountry "SRB"]
[SourceTitle "playchess.com"]
[Source "ChessBase"]
[SourceQuality "1"]

1. d4 d6 2. c4 g6 3. Nc3 Bg7 4. e4 Nd7 5. Be3 e5 6. d5 h5 7. Qd2 Nh6 8. f3 f5 9. Bg5 Nf6 10. exf5 Bxf5 11. Bd3 Qd7 12. Nge2 O-O 13. Ng3 Bxd3 14. Qxd3 Nf5 15. O-O Nxg3 16. hxg3 Qf5 17. Qd2 a6 18. a4 Nh7 19. Be3 g5 20. c5 Rad8 21. cxd6 cxd6 22. Qe2 Qg6 23. Bb6 Rc8 24. Qe4 Qe8 25. Qb4 Rf6 26. Be3 Qf7 27. Rac1 Rd8 28. Ne4 Rg6 29. Bb6 Rd7 30. Rc8+ Bf8 31. Qc4 Nf6 32. Nxf6+ Qxf6 33. Re8 Rf7 34. Qe4 Qg7 35. Be3 Rgf6 36. g4 hxg4 37. Qxg4 Rg6 38. Rc1 Qh7 39. Re6 Rfg7 40. Rc8 Rf7 41. Rxg6+ Qxg6 42. Qxg5 Qxg5 43. Bxg5 Kg7 44. Be3 Kg6 45. Re8 Be7 46. Kf2 Bh4+ 47. g3 Be7 48. Ke2 Rh7 49. Kd3 Kf6 50. Rb8 1-0

[Event "2nd Serbia Open Masters 2022"]
[Site "Novi Sad"]
[Date "2022.07.06"]
[Round "9.8"]
[White "Zanan, Evgeny"]
[Black "Neelash Saha"]
[Result "1-0"]
[WhiteElo "2534"]
[BlackElo "2439"]
[Annotator "TA"]
[PlyCount "71"]
[EventDate "2022.06.28"]
[EventType "swiss"]
[EventCountry "SRB"]
[SourceTitle "playchess.com"]
[Source "ChessBase"]
[SourceQuality "1"]

1. d4 d5 2. c4 e6 3. Nc3 Be7 4. cxd5 exd5 5. Bf4 c6 6. e3 Bf5 7. Nge2 h5 8. Ng3 Bg4 9. f3 Be6 10. Bd3 h4 11. Nf5 Bf8 12. e4 Bxf5 13. exf5 Bd6 14. Qe2+ Kf8 15. Be5 Nf6 16. O-O-O Nh5 17. Qd2 Qc7 18. g4 Nf6 19. Rhe1 Nbd7 20. Qe2 Re8 21. f4 Re7 22. Kb1 Ne8 23. Rc1 Qd8 24. a3 f6 25. Nxd5 cxd5 26. Rc8 Qb6 27. Bb5 fxe5 28. dxe5 Bxa3 29. g5 a6 30. e6 Qxb5 31. Qxb5 axb5 32. exd7 Rxe1+ 33. Ka2 Bd6 34. d8=Q Bxf4 35. g6 Bxh2 36. Qd7 1-0

[Event "2nd Serbia Open Masters 2022"]
[Site "Novi Sad"]
[Date "2022.07.06"]
[Round "9.9"]
[White "Pranav Anand"]
[Black "Predke, Alexandr"]
[Result "0-1"]
[WhiteElo "2479"]
[BlackElo "2688"]
[Annotator "TA"]
[PlyCount "68"]
[EventDate "2022.06.28"]
[EventType "swiss"]
[EventCountry "SRB"]
[SourceTitle "playchess.com"]
[Source "ChessBase"]
[SourceQuality "1"]

1. d4 d5 2. c4 dxc4 3. e4 Nf6 4. e5 Nd5 5. Bxc4 Bf5 6. Ne2 e6 7. O-O Nb6 8. Bb3 Nc6 9. Nbc3 Qd7 10. Be3 O-O-O 11. Qc1 Kb8 12. Rd1 Qe8 13. a3 f6 14. exf6 gxf6 15. Ng3 Bg6 16. d5 exd5 17. Nxd5 Bf7 18. Nxf6 Bxb3 19. Nxe8 Rxd1+ 20. Qxd1 Bxd1 21. Rxd1 Be7 22. Ng7 Bf6 23. Bh6 Bxb2 24. f4 Bxa3 25. f5 Bb2 26. Ne6 a5 27. Nh5 a4 28. f6 Ne5 29. Bf8 a3 30. Rd8+ Nc8 31. Bxa3 Rxd8 32. Nxd8 Bxa3 33. Nf4 Nd6 34. Nde6 Nd7 0-1

[Event "2nd Serbia Open Masters 2022"]
[Site "Novi Sad"]
[Date "2022.07.06"]
[Round "9.10"]
[White "Demchenko, Anton"]
[Black "Harikrishnan.A.Ra"]
[Result "1-0"]
[WhiteElo "2654"]
[BlackElo "2396"]
[Annotator "TA"]
[PlyCount "105"]
[EventDate "2022.06.28"]
[EventType "swiss"]
[EventCountry "SRB"]
[SourceTitle "playchess.com"]
[Source "ChessBase"]
[SourceQuality "1"]

1. e4 e5 2. Nf3 Nc6 3. Bc4 Bc5 4. d3 Nf6 5. Bg5 O-O 6. a4 h6 7. Bh4 Be7 8. Bg3 d6 9. h3 Kh8 10. Nc3 Ng8 11. Nd5 f5 12. exf5 Bxf5 13. O-O Nf6 14. Re1 Nxd5 15. Bxd5 Bf6 16. c3 Ne7 17. Be4 Qd7 18. a5 Rab8 19. Ra4 Be6 20. d4 exd4 21. Nxd4 Bxd4 22. Rxd4 Nf5 23. Rd3 Nxg3 24. Rxg3 Bf5 25. Bf3 b6 26. axb6 axb6 27. Bh5 Rf6 28. Rge3 Bg6 29. Bxg6 Rxg6 30. Qd3 Rf6 31. Re7 Qc6 32. R1e4 Rg6 33. Qf3 Rg8 34. Rf7 Kh7 35. h4 b5 36. g3 Qd5 37. Rf5 Qa2 38. Qe2 Qb1+ 39. Kg2 Re8 40. Rff4 Rxe4 41. Rxe4 Rf6 42. g4 d5 43. Re7 c6 44. h5 Qc1 45. Re3 Qb1 46. Re8 Rf4 47. f3 Rf6 48. Rc8 d4 49. cxd4 b4 50. Qe8 Qc2+ 51. Kg3 Rxf3+ 52. Kxf3 Qd3+ 53. Qe3 1-0

[Event "2nd Serbia Open Masters 2022"]
[Site "Novi Sad"]
[Date "2022.07.06"]
[Round "9.11"]
[White "Arnaudov, G. Petar"]
[Black "Ivic, Velimir"]
[Result "0-1"]
[WhiteElo "2467"]
[BlackElo "2623"]
[Annotator "TA"]
[PlyCount "68"]
[EventDate "2022.06.28"]
[EventType "swiss"]
[EventCountry "SRB"]
[SourceTitle "playchess.com"]
[Source "ChessBase"]
[SourceQuality "1"]

1. d4 Nf6 2. Nf3 g6 3. Bg5 Bg7 4. Nbd2 c5 5. Bxf6 Bxf6 6. Ne4 Bxd4 7. Nxd4 cxd4 8. Qxd4 O-O 9. c4 d6 10. e3 Nc6 11. Qd2 Be6 12. Be2 a5 13. O-O a4 14. Rfd1 Qa5 15. Nc3 Rfc8 16. Nd5 Kf8 17. b4 axb3 18. Qb2 Kg8 19. axb3 Qd8 20. e4 Rxa1 21. Rxa1 Ra8 22. h4 h5 23. g3 Ra5 24. Qc3 Rxa1+ 25. Qxa1 Bg4 26. f3 Bd7 27. Kg2 e5 28. Bd1 Nd4 29. Qa7 Bc6 30. Qb6 Qa8 31. Ne3 Qa2+ 32. Kf1 Qd2 33. Qd8+ Kg7 34. Qg5 Qd3+ 0-1

[Event "2nd Serbia Open Masters 2022"]
[Site "Novi Sad"]
[Date "2022.07.06"]
[Round "9.12"]
[White "Vaishali R"]
[Black "Jumabayev, Rinat"]
[Result "0-1"]
[WhiteElo "2409"]
[BlackElo "2628"]
[Annotator "TA"]
[PlyCount "108"]
[EventDate "2022.06.28"]
[EventType "swiss"]
[EventCountry "SRB"]
[SourceTitle "playchess.com"]
[Source "ChessBase"]
[SourceQuality "1"]

1. e4 e6 2. d4 d5 3. Nc3 Nf6 4. Bg5 dxe4 5. Nxe4 Be7 6. Bxf6 gxf6 7. Nf3 a6 8. g3 Nc6 9. Bg2 e5 10. d5 Na5 11. O-O f5 12. Nc3 Qd6 13. Re1 e4 14. Nd2 O-O 15. Rb1 b5 16. b4 Nb7 17. Nf1 Re8 18. Ne3 Qh6 19. Ne2 Nd6 20. c4 bxc4 21. Qc2 Bd7 22. a4 Bg5 23. Nxc4 Bxa4 24. Qxa4 Nxc4 25. h4 Bd2 26. Qb3 Bxe1 27. Qxc4 Bd2 28. Qxc7 Rad8 29. b5 Rxd5 30. b6 Qd6 31. Qc4 a5 32. b7 Rb8 33. Qc8+ Qd8 34. Qc6 Qd7 35. Qa6 Bb4 36. Nf4 Rd6 37. Qe2 Rxb7 38. Bh3 Bd2 39. Rxb7 Qxb7 40. Bxf5 Bxf4 41. Qg4+ Kh8 42. Qxf4 Qe7 43. h5 e3 44. fxe3 h6 45. Kh2 Kg7 46. Kh3 Rd5 47. e4 Rc5 48. Qg4+ Qg5 49. Qd1 Rc3 50. Qd4+ Qf6 51. Qd1 Qe5 52. Qg4+ Kf8 53. Bd7 Rc5 54. Bf5 a4 0-1

[Event "2nd Serbia Open Masters 2022"]
[Site "Novi Sad"]
[Date "2022.07.06"]
[Round "9.13"]
[White "Vignesh N R"]
[Black "Puranik, Abhimanyu"]
[Result "1/2-1/2"]
[WhiteElo "2427"]
[BlackElo "2608"]
[Annotator "TA"]
[PlyCount "97"]
[EventDate "2022.06.28"]
[EventType "swiss"]
[EventCountry "SRB"]
[SourceTitle "playchess.com"]
[Source "ChessBase"]
[SourceQuality "1"]

1. d4 Nf6 2. c4 e6 3. Nf3 d5 4. g3 dxc4 5. Bg2 Bb4+ 6. Bd2 a5 7. Qc2 Nc6 8. Qxc4 Qd5 9. Qd3 Qf5 10. Qxf5 exf5 11. O-O Be6 12. Rc1 Bd5 13. e3 Ne4 14. Ne1 Bd6 15. Nc3 Ne7 16. Nxd5 Nxd5 17. Nd3 Kd7 18. Bxe4 fxe4 19. Nc5+ Bxc5 20. Rxc5 c6 21. Rxa5 Rxa5 22. Bxa5 h5 23. h3 g5 24. Bd2 f5 25. Kg2 h4 26. gxh4 Rxh4 27. Re1 Rh8 28. a4 Ke6 29. b3 Ne7 30. Rc1 Nd5 31. a5 Kd6 32. Re1 Nc7 33. b4 Kd5 34. Rc1 Ne6 35. b5 cxb5 36. Rb1 Nc7 37. Bb4 Rh7 38. Bc5 Kc4 39. Rc1+ Kd3 40. d5 Nxd5 41. Rd1+ Kc4 42. Bd6 Nc3 43. Rd4+ Kb3 44. Rb4+ Kc2 45. Be5 Ne2 46. Kf1 Nc1 47. Rb2+ Kd1 48. Rxb5 Rf7 49. Rb1 1/2-1/2

[Event "2nd Serbia Open Masters 2022"]
[Site "Novi Sad"]
[Date "2022.07.06"]
[Round "9.14"]
[White "Samadov, Read"]
[Black "Ivanisevic, Ivan"]
[Result "0-1"]
[WhiteElo "2442"]
[BlackElo "2550"]
[Annotator "TA"]
[PlyCount "92"]
[EventDate "2022.06.28"]
[EventType "swiss"]
[EventCountry "SRB"]
[SourceTitle "playchess.com"]
[Source "ChessBase"]
[SourceQuality "1"]

1. d4 Nf6 2. c4 e6 3. Nf3 d5 4. g3 h6 5. Bg2 Bd6 6. O-O O-O 7. b3 b6 8. Bb2 Bb7 9. Nc3 Nbd7 10. Rc1 Re8 11. Nb5 dxc4 12. Rxc4 a6 13. Nxd6 cxd6 14. Ne1 Qb8 15. Rc2 a5 16. Qd3 a4 17. Bxb7 Qxb7 18. Nf3 Nd5 19. Qb5 a3 20. Bc1 N7f6 21. Bd2 Ne4 22. Rfc1 f5 23. Be1 Qf7 24. Nd2 Qh5 25. f3 Ne3 26. Nxe4 Qh3 27. Kf2 Nxc2 28. Nf6+ gxf6 29. Rxc2 Qxh2+ 30. Kf1 f4 31. gxf4 Re7 32. Bc3 Rg7 33. Ke1 Qxf4 34. Qc6 Rf8 35. Kf2 h5 36. Qc4 Qg3+ 37. Ke3 Qg5+ 38. Kd3 Qf5+ 39. Kd2 Rff7 40. Qc6 Qf4+ 41. Kd3 h4 42. Qe8+ Kh7 43. Qxe6 Re7 44. Qd5 Rg5 45. Qc6 Re3+ 46. Kc4 Rc5+ 0-1